00466nam a22001577a 450000500170000001000170001702000220003403500170005603700190007308200080009210000230010024500750012326000480019827000390024630000230028520120229150836.0 aB-446710-750 a8123717695c38.00 aB-446710-750 bBlue Berry/Ven a921 aKitchlew, Toufique aSaifuddin Kitchlew :cby Toufique Kitchlewbhero of Jallianwala bagh / aNew DelhibNational Book Trustc1996(rept.) aA-5, Green Park,bNewDelhie110016 axi,141p.b22cm(Hb)